IEEE spectrum

Saved in:
Bibliographic Details
Previous TitleElectrical engineering
Format Journal
LanguageEnglish
Published New York : Institute of Electrical and Electronics Engineers, 1964-
Subjects
ISSN0018-9235
0095-9197

Cover

LEADER 00000cas a2200000 a 4500
001 52040
003 CZ-ZlUTB
005 20190826001608.0
008 960915c19649999xxumr p ||||u| |eng
022 |a 0018-9235 
040 |a ABA100  |b cze  |d ZLD002 
072 7 |a 621.3  |x Elektrotechnika  |2 Konspekt  |9 19 
080 |a 621.3  |2 MRF 
080 |a (050)  |2 MRF 
222 0 |a IEEE spectrum 
245 0 0 |a IEEE spectrum 
246 3 3 |a Spectrum 
260 |a New York :  |b Institute of Electrical and Electronics Engineers,  |c 1964- 
310 |a 1x měsíčně 
650 0 7 |a elektrotechnika  |7 ph114460  |2 czenas 
655 7 |a časopisy  |7 fd133947  |2 czenas 
780 0 0 |t Electrical engineering  |x 0095-9197 
910 |a ZLD002 
952 |0 0  |1 0  |4 0  |7 0  |8 ISSBD  |9 93032  |a UTBZL  |b UTBZL  |c 001  |d 2009-05-12  |h no.1-12(2002)  |l 0  |p 52041-10  |r 2019-08-26 00:00:00  |w 2019-08-26  |y 01 
952 |0 0  |1 0  |4 0  |7 0  |8 ISSBD  |9 93033  |a UTBZL  |b UTBZL  |c 001  |d 2009-05-12  |h no.1,3,4(2003)  |l 0  |p 52041-20  |r 2019-08-26 00:00:00  |w 2019-08-26  |y 01 
992 |a SE 
999 |c 52040  |d 52040